00535nam a22001817a 450000500170000001000280001702000230004502000260006803500270009403700180012103700130013908200060015210000240015824500670018226000320024927000450028130000270032620171221122645.0 aB-519492-496 ENG-121946 a9380403097c250.00 a9789380403090c250.00 aB-519492-496 EN-105478 aBSB/Ven.bdpl bDBAD/PUB aS aSyed, Rafiq Hussain aThe mirror of wonders and other tales /cby Syed Rafiq Hussain aNew DelhibYoda Pressc2013 a268 A/C, Vasant Kunj bNew Delhie110070 axxvii,165p.c20cm(pbk)